Alle von den Niederlanden kontrollierten Länder - Statistiken

Allgemein
  • Dieses Quiz wurde 28 mal gespielt
  • Das Durchschnittsergebnis liegt bei 37 aus 53
Antworten auf der Karte
Die Antworten werden auf der Karte rot bzw. grün angezeigt, abhängig davon wie oft sie richtig erraten wurden.
 
Antwortstatistiken
Land % Korrekt
Vereinigte Staaten
95%
Indien
91%
Kanada
91%
Niederlande
91%
Belgien
86%
Deutschland
86%
Guyana
86%
Luxemburg
86%
Surinam
86%
Angola
82%
Brasilien
82%
Indonesien
82%
Iran
82%
Kolumbien
82%
Madagaskar
82%
Nigeria
82%
Pakistan
82%
Bangladesch
77%
China
77%
Frankreich
77%
Irak
77%
Japan
77%
Jemen
77%
Myanmar
77%
Oman
77%
Senegal
77%
Südafrika
77%
Thailand
77%
Malaysia
73%
Mauretanien
73%
Mosambik
73%
Republik Kongo
73%
Vietnam
73%
Ghana
68%
Kambodscha
68%
Chile
64%
Haiti
64%
Liberia
64%
Osttimor
64%
Sri Lanka
64%
Togo
64%
Benin
59%
Gabun
59%
Taiwan
59%
Norwegen (Spitzbergen und Jan Mayen)
55%
Äquatorialguinea
50%
São Tomé und Príncipe
50%
Malediven
45%
Venezuela
45%
Mauritius
41%
Grenada
32%
Grossbritannien (verschiedene Überseegebiete)
32%
Trinidad und Tobago
32%
Keine übereinstimmenden Quizze gefunden
Verteilung der Resultate
Anzahl Personen mit jedem Resultat
Perzentil nach korrekt beantworteten Fragen
Ihre Resultats-Entwicklung
Sie haben dieses Quiz noch nicht gespielt